| 000 | 01878nab a22002657a 4500 | ||
|---|---|---|---|
| 999 |
_c6240 _d6240 |
||
| 003 | OSt | ||
| 005 | 20260127185620.0 | ||
| 008 | 190514b xxu||||| |||| 00| 0 spa d | ||
| 040 | _cPJ | ||
| 100 |
_96751 _aArduino, Ileana |
||
| 245 | 1 | 0 |
_aDel prohibicionismo ineficiente del fallo "Góngora" a la centralidad de la gestión del conflicto : _bnotas sobre el caso "V. J. C." / _cIleana Arduino. |
| 300 | _ap. 33-40 | ||
| 500 | _aCita: TR LALEY AR/DOC/1582/2025. | ||
| 505 | _aSumario: I. Introducción.— II. El impacto del prohibicionismo inconducente de Góngora en la provincia de Buenos Aires.— III. ¿Cuáles fueron las razones del Ministerio Público Fiscal para recurrir la decisión?— IV. La consideración de la calificación legal como criterio diferenciador. Aspectos críticos.— V. La posición de la persona victimizada en relación con el tipo de respuesta que espera.— VI. La articulación entre perspectiva de género y diversidad de respuestas.— VII. La crítica al automatismo burocrático y su afectación al modelo constitucional de persecución y juzgamiento.— VIII. La valoración de la audiencia como el ámbito adecuado para decidir.— IX. Sobre el desplazamiento del fiscal del caso.— X. Conclusiones. | ||
| 505 | _tFallo comentado: TCasación Penal, Buenos Aires, sala V ~ 20/02/2025 ~ V., J. C. s/ recurso de queja interpuesto por fiscal. | ||
| 650 | 0 |
_9967 _aDERECHO DE FAMILIA |
|
| 650 | 0 |
_93053 _aVIOLENCIA DE GÉNERO |
|
| 650 | 0 |
_92348 _aPROCESO PENAL |
|
| 650 | 0 |
_94044 _aPERSPECTIVA DE GÉNERO |
|
| 650 | 0 |
_92837 _aSUSPENSIÓN DEL JUCIO A PRUEBA |
|
| 650 | 0 |
_93047 _aVÍCTIMA DEL DELITO |
|
| 650 | 0 |
_91057 _aJURISPRUDENCIA APLICABLE |
|
| 773 | 0 |
_02844 _93222 _dBuenos Aires : AbeledoPerrot, 1989- _tDerecho de familia. Revista Interdisciplinaria de doctrina y jurisprudencia. Agosto 2025-IV. _z18511201 |
|
| 942 |
_2udc _cANA |
||